[Event "GER OL-254 email"]
[Site "GER email"]
[Date "2010.??.??"]
[Round "?"]
[White "Vieth, Martin"]
[Black "Seifert, Christoph"]
[Result "1-0"]
[WhiteElo "1502"]
[BlackElo "2032"]
[PlyCount "111"]
[EventDate "2010.??.??"]
[EventType "tourn (corr)"]
[EventRounds "6"]
[EventCountry "GER"]
[SourceTitle "Corr 2015"]
[Source "ChessBase"]
[SourceDate "2015.07.17"]
[SourceVersion "1"]
[SourceVersionDate "2015.07.17"]
[SourceQuality "1"]
[WhiteTeam "Germany"]
[WhiteTeamCountry "GER"]

1. e4 c5 2. Nf3 Nc6 3. Bc4 e6 4. 0-0 d6 5. d4 cxd4 6. Nxd4 Nf6 7. Nc3 Be7 8. Be3 0-0 9. Qe2 Ne5 10. Bb3 Neg4 11. Bc1 Qb6 12. Rd1 a6 13. Nf3 Qa5 14. h3 Ne5 15. Bd2 Qc7 16. a4 b6 17. Bf4 Bb7 18. Rd2 Nfd7 19. Rad1 Rfd8 20. Ba2 Rac8 21. Bg3 Qc5 22. Nxe5 Nxe5 23. Kh1 Nc6 24. f4 Nb4 25. Bb3 d5 26. exd5 Nxd5 27. Nxd5 Bxd5 28. Bf2 Qc7 29. Bxd5 Rxd5 30. Rxd5 exd5 31. Rxd5 Bf8 32. Qxa6 Qxc2 33. Bxb6 Re8 34. Bg1 Qxb2 35. Qb5 Qa2 36. Qxe8 Qxd5 37. Qb5 Qxb5 38. axb5 Bd6 39. f5 Kf8 40. b6 Ke7 41. b7 Bb8 42. Bh2 Ba7 43. g4 h5 44. gxh5 Kf6 45. Bg1 Bb8 46. Bd4+ Kxf5 47. Bxg7 Kg5 48. h6 Kg6 49. h4 f5 50. h5+ Kh7 51. Kg2 Bc7 52. Kf3 Kg8 53. Bf6 Kh7 54. Bg5 Bb8 55. Bf4 Ba7 56. Kg3 1-0